| 000 | 00687nam a22002297a 4500 | ||
|---|---|---|---|
| 005 | 20170124110023.0 | ||
| 010 | _aA-760428 | ||
| 020 |
_c00.00 _a8172243928 |
||
| 035 | _aA-760428 | ||
| 037 | _bCen Lib/Ret | ||
| 040 |
_aDPL _bEN |
||
| 082 |
_a658.314 _bSAR |
||
| 100 |
_aSargent, Andrew _920075 |
||
| 245 |
_aHow to motivate people : _cby Andrew Sargent _bturning people on / |
||
| 260 |
_aBombay _bJaico publishing house _c1995 |
||
| 270 |
_a121,M. G. Road _bBombay _e400001 |
||
| 300 |
_a95p. _c20cm(Hb) |
||
| 650 |
_aEmployee motivation _920076 |
||
| 650 |
_aGoal setting in personnel management _920077 |
||
| 700 | _919918 | ||
| 942 |
_2ddc _cEN _h658.314 _mSAR |
||
| 999 |
_c127302 _d127302 |
||